Les Rois de Suède depuis Gustave Ier - Statistiques

Statistiques générales
  • Ce quiz a été pris 16 fois
  • Le résultat moyen est 7 sur 21
Statistiques - réponses
Vasa 1523 - 1560 Gustave I (Gustave Vasa) % Correct
Holstein-Gottorp 1771 - 1792 Gustave III
60%
Vasa 1660 - 1697 Charles XI
53%
Vasa 1697 - 1718 Charles XII
53%
Bernadotte 1859 - 1872 Charles XV
53%
Vasa 1632 - 1654 Christine
53%
Bernadotte 1907 - 1950 Gustave V
47%
Vasa 1751 - 1771 Adolphe-Frédéric
33%
Vasa 1599 - 1611 Charles IX
33%
Bernadotte 1844 - 1859 Oscar I
33%
Bernadotte 1872 - 1907 Oscar II
33%
Vasa 1592 - 1599 Sigismond
33%
Vasa 1560 - 1568 Éric XIV
27%
Vasa 1611 - 1632 Gustave II Adolphe
27%
Vasa 1568 - 1592 Jean III
27%
Holstein-Gottorp 1718 - 1720 Ulrique-Éléonore
27%
Vasa 1654 - 1660 Charles X Gustave
20%
Bernadotte 1818 - 1844 Charles XIV Jean
20%
Vasa 1720 - 1751 Frédéric I
20%
Holstein-Gottorp 1792 - 1809 Gustave IV Adolphe
20%
Bernadotte 1950 - 1973 Gustave VI Adolphe
13%
Bernadotte 1973 - Présent Carl XVI Gustaf
7%
Aucun quiz correspondant
Distribution des résultats
% des personnes avec chaque résultat
Percentile par nombre de réponses
Votre historique - résultats
Vous n’avez pas pris ce quiz